• 首页
  • 本馆介绍
  • 公告通知
  • 最新文献
  • 馆藏检索
  • 电子资源
  • 读者导购
  • 参考咨询
  • 我的图书馆
  • 登录
  • 详细信息显示
  • 放入我的书架
  • 预约/预借图书
  • 作者相关作品
  • 分类相关作品
  • 丛书相关作品
  • 出版社相关作品

书目信息

  • 表格格式
  • 工作单格式
  • 卡片格式
题名:
VisualFoxPro 8数据库开发教程
    
 
作者: 翁正科 编著
分册:  
出版信息: 北京   清华大学出版社  
页数: 397页
开本: 26cm
丛书名:
单 册:
中图分类: TP311.138FO
科图分类:
主题词: 软件
电子资源:
ISBN: 7-302-08409-2
000 00644nam0 2200217 450
001 0656163521
005 20070726143509.21
010    @a7-302-08409-2@dCNY35.00
100    @a20060929d2004 km y0chiy0120 ea
101 0  @achi
102    @aCN@b110000
200 1  @aVisualFoxPro 8数据库开发教程@AVisualFoxPro 8 shu ju ku kai fa jiao cheng@f翁正科编著@Fweng zheng ke bian zhu
205    @a3版
210    @a北京@c清华大学出版社
210    @a北京@c清华大学出版社@d2004
215    @a397页@d26cm
606 0  @a软件
690    @aTP311.138FO@v3
701  0 @a翁正科@Aweng zheng ke@4编著
801  0 @aCN@bPFT@c20070726
905    @a10447@dTP311.138FO@e163=3
    
    VisualFoxPro 8数据库开发教程/翁正科编著.-3版.-北京:清华大学出版社.-北京:清华大学出版社,2004
    397页;26cm
    
    
    ISBN 7-302-08409-2:CNY35.00
    
●
相关链接 在E读中查询图书 在五车中查询图书 在当当中查询图书 在豆瓣中查询图书


正题名:VisualFoxPro 8数据库开发教程     索取号:TP311.138FO/163=3         预约/预借

序号 登录号 条形码 馆藏地/架位号 状态 备注
1 0484065   204840654   密集书库/ [索取号:TP311.138FO/163=3] 在馆    
2 0484066   204840663   密集书库/ [索取号:TP311.138FO/163=3] 在馆    
3 0484067   204840672   密集书库/ [索取号:TP311.138FO/163=3] 在馆    
4 0484068   204840681   密集书库/ [索取号:TP311.138FO/163=3] 在馆    
5 0484069   204840690   密集书库/ [索取号:TP311.138FO/163=3] 在馆    
6 0484070   204840707   密集书库/ [索取号:TP311.138FO/163=3] 在馆    
7 0484071   204840716   密集书库/ [索取号:TP311.138FO/163=3] 在馆    
8 0484072   204840725   密集书库/ [索取号:TP311.138FO/163=3] 在馆    
9 0484073   204840734   密集书库/ [索取号:TP311.138FO/163=3] 在馆    
10 0777515   207775157   密集书库/ [索取号:TP311.138FO/163=3] 在馆    
11 0778056   207780560   密集书库/ [索取号:TP311.138FO/163=3] 在馆    
12 0779865   207798659   密集书库/ [索取号:TP311.138FO/163=3] 在馆    
13 0788506   207885065   密集书库/ [索取号:TP311.138FO/163=3] 在馆    
唐山师范学院图书馆 欢迎您!
大连网信软件有限公司© 版权所有